000 00873cam a2200265 a 4500
001 1407453
003 ARRUPE
005 20150507020006.0
008 831215s1984 pau b 001 0 eng
010 _a 83026084
020 _a0664245218 (pbk.)
040 _aDLC
_cDLC
_dDLC
050 1 0 _aBS2825.2
_b.C583 1984
082 0 0 _a228/.06
_219
100 1 _aCollins, Adela Yarbro.
_97938
245 1 0 _aCrisis and catharsis :
_bthe power of the Apocalypse /
_cAdela Yarbro Collins.
250 _a1st ed.
260 _aPhiladelphia :
_bWestminster Press,
_cc1984.
300 _a179 p. ;
_c23 cm.
504 _aIncludes bibliographical references and index.
630 0 0 _aBible.
_pRevelation
_xCriticism, interpretation, etc.
_97939
906 _a7
_bcbc
_corignew
_d1
_eocip
_f19
_gy-gencatlg
942 _2lcc
_cMONOGRAPH
_01
999 _c119937
_d119937